| 000 | 03123cam a22007214i 4500 | ||
|---|---|---|---|
| 001 | u53675 | ||
| 003 | PE-LiUPU | ||
| 005 | 20250731180155.0 | ||
| 008 | 150708s2014 ag a rb 000 0 spa d | ||
| 020 | _a9789875915039 | ||
| 035 | _a(Sirsi) i9789875915039 | ||
| 040 |
_aPE-LiUPU _bspa _cPE-LiUPU _erda |
||
| 049 | _aPRUA | ||
| 082 | 0 | 4 |
_a574.5 _bF75 |
| 100 | 1 |
_aFontana, José Luis, _eautor. |
|
| 245 | 1 | 0 |
_aPrincipios de Ecología / _cJosé Luis Fontana. |
| 250 | _aPrimera edición. | ||
| 264 | 1 |
_aArgentina : _bBrujas, Editorial, _c2014. |
|
| 300 |
_a316 páginas : _bilustraciones ; _c25 centímetros |
||
| 336 |
_atext _2rdacontent |
||
| 337 |
_aunmediated _2rdamedia |
||
| 338 |
_avolume _2rdacarrier |
||
| 505 | 0 | _aEcología: la ciencia y su origen -- Factores del ambiente -- Población -- Comunidad biológica -- Ecosistema -- Ciclos biogeoquímicos -- Biodiversidad -- El paisaje -- Áreas de distribución. Biogeografía. | |
| 526 | _aSEG44 | ||
| 526 | _aSEG26 | ||
| 526 | _aP159 | ||
| 526 | _aP155 | ||
| 526 | _aP154 | ||
| 526 | _aP153 | ||
| 526 | _aP150 | ||
| 526 | _aP100 | ||
| 526 | _aP31 | ||
| 526 | _aP30 | ||
| 526 | _aP26 | ||
| 526 | _aP25 | ||
| 526 | _aP24 | ||
| 526 | _aP22 | ||
| 526 | _aP15 | ||
| 526 | _aP10 | ||
| 541 | _g002-00000049; | ||
| 541 | _g001-0039188; | ||
| 596 | _a1 2 | ||
| 650 | 1 | 4 |
_aEcología. _92193 |
| 650 | 1 | 4 | _aEcology. |
| 650 | 1 | 4 | _aEcosistemas. |
| 650 | 1 | 4 | _aEcosystems. |
| 650 | 1 | 4 | _aEnvironment. |
| 650 | 1 | 4 | _aEnvironmental Protection. |
| 650 | 1 | 4 | _aMedio ambiente. |
| 650 | 1 | 4 | _aNatural resources. |
| 650 | 1 | 4 | _aProtección del medio ambiente. |
| 650 | 1 | 4 | _aRecursos naturales. |
| 910 |
_admb _bkslcksl _d20180522 |
||
| 910 |
_ardg _bjck _crdg _d20150708 |
||
| 942 |
_2ddc _cBOOK |
||
| 994 |
_aC0 _bPEPRU |
||
| 949 |
_a574.5 F75 _wDEWEY _c1 _i78503 _f2018-5-28 _g1 _lCCODEBUL1 _mBUL _p28.64 _r0 _sY _tBOOK _u2018-5-22 _xINGENIERIA _PP24 _0COMPRA _1FCOMPRA _o.STAFF. Colección Ingeniería y Arquitectura |
||
| 949 |
_a574.5 F75 _wDEWEY _c1 _iFT02796 _e2017-4-19 _lCCODEBUT1 _mBUT _n1 _p37.77 _r0 _sY _tBOOK _u2015-7-8 _xINGENIERIA _PP24 _0COMPRA _o.STAFF. Colección Ingeniería y Arquitectura |
||
| 949 |
_a574.5 F75 _wDEWEY _c2 _i78504 _f2018-5-28 _g1 _lCCODEBUL1 _mBUL _p28.64 _r0 _sY _tBOOK _u2018-5-22 _xINGENIERIA _PP24 _0COMPRA _1FCOMPRA _o.STAFF. Colección Ingeniería y Arquitectura |
||
| 999 |
_a574.5 F75 _wDEWEY _c56387 _iFT02796 _d56387 _e2022-4-18 _f2019-2-20 _g1 _lCCODEBUT1 _mBUT _n5 _p37.77 _r0 _sY _tBOOK _u2015-7-8 _xINGENIERIA _PP24 _0COMPRA _o.STAFF. Colección Ingeniería y Arquitectura |
||
| 999 |
_a574.5 F75 _wDEWEY _c1 _i78503 _d2022-6-12 _e2022-6-9 _f2021-11-9 _g4 _lCCODEBUL1 _mBUL _n1 _p28.64 _r0 _sY _tBOOK _u2018-5-22 _xINGENIERIA _PP24 _0COMPRA _1FCOMPRA _o.STAFF. Colección Ingeniería y Arquitectura |
||
| 999 |
_a574.5 F75 _wDEWEY _c2 _i78504 _f2021-11-9 _g4 _lCCODEBUL1 _mBUL _p28.64 _r0 _sY _tBOOK _u2018-5-22 _xINGENIERIA _PP24 _0COMPRA _1FCOMPRA _o.STAFF. Colección Ingeniería y Arquitectura |
||
| 980 |
_81 _gALBERTO SANCHEZ Responsable de Automatización |
||